000 00499nam a2200145Ia 4500
008 100204s9999 xx 000 0 und d
082 _b24011
100 _aमाटे श्री. म.
245 _aमाणुसकीचा गहिवर
260 _bकॉन्टिनेन्टल प्रकाशन पुणे
_c1999 8
300 _a149
630 _aमाणुसकीचा गहिवर
730 _aमाणुसकीचा गहिवर
942 _cBOOK
999 _c469192
_d469189